Complicidad entre miedos /
El autor hace referencia al tema de drogas y control del dolor, a partir de su experiencia como voluntario en las unidades de cuidados paliativos y como sacerdote. Así, hace mención de cinco aspectos: a) proliferación de unidades de cuidados paliativos, b) dualismo entre definiciones y prácticas (no...
محفوظ في:
| المؤلف الرئيسي: | |
|---|---|
| التنسيق: | نص |
| الموضوعات: | |
| الوسوم: |
إضافة وسم
لا توجد وسوم, كن أول من يضع وسما على هذه التسجيلة!
|
MARC
| LEADER | 00000 a a2200000 04500 | ||
|---|---|---|---|
| 001 | 44364 | ||
| 003 | |||
| 040 | |||
| 100 | |a Robles y Robles, J. Armando | ||
| 245 | |a Complicidad entre miedos / |c J. Armando Robles y Robles | ||
| 520 | |a El autor hace referencia al tema de drogas y control del dolor, a partir de su experiencia como voluntario en las unidades de cuidados paliativos y como sacerdote. Así, hace mención de cinco aspectos: a) proliferación de unidades de cuidados paliativos, b) dualismo entre definiciones y prácticas (no hay integralidad entre la comprensión de ser humano y salud y enfermedad), c) satisfacción de otras demandas reales para los y las pacientes y sus familiares para una calidad de vida, d) complicidad entre miedos y e) derechos del moribundo. | ||
| 590 | |a AMB/JULIO2014 | ||
| 650 | |a DROGAS (TESAURO ISOC DE PSICOLOGIA) | ||
| 650 | |a SALUD | ||
| 650 | |a ENFERMEDADES | ||
| 650 | |a DOLOR | ||
| 650 | |a CALIDAD DE VIDA (TESAURO ISOC DE PSICOLOGIA) | ||
| 650 | |a RELIGION | ||
| 650 | |a DERECHOS HUMANOS | ||
| 773 | |g páginas 65-68 | ||
| 999 | |c 25970 |d 25970 | ||
